<?xml version="1.0" encoding="UTF-8"?>
<collection xmlns="http://www.loc.gov/MARC21/slim">
 <record>
  <leader>03074nam a22003611  4500</leader>
  <controlfield tag="001">1/49923</controlfield>
  <controlfield tag="008">980210s19761978gr       e    00110 gre d</controlfield>
  <datafield tag="035" ind1=" " ind2=" ">
   <subfield code="l">22008</subfield>
  </datafield>
  <datafield tag="040" ind1=" " ind2=" ">
   <subfield code="a">GR-PeUP</subfield>
  </datafield>
  <datafield tag="082" ind1="0" ind2="0">
   <subfield code="a">335.43'03 MA</subfield>
  </datafield>
  <datafield tag="090" ind1=" " ind2=" ">
   <subfield code="a">R 335.43'03 MA</subfield>
  </datafield>
  <datafield tag="245" ind1="0" ind2="0">
   <subfield code="a">Μαρξισμός, κομμουνισμός και δυτική κοινωνία:</subfield>
   <subfield code="b">συγκριτική εγκυκλοπαίδεια /</subfield>
   <subfield code="c">επιμ. C.D. Kernig</subfield>
  </datafield>
  <datafield tag="260" ind1=" " ind2=" ">
   <subfield code="a">Αθήνα:</subfield>
   <subfield code="b">Εκδόσεις Κοραής,</subfield>
   <subfield code="c">1976-1978</subfield>
  </datafield>
  <datafield tag="300" ind1=" " ind2=" ">
   <subfield code="a">450σ.;</subfield>
   <subfield code="c">30 εκ.</subfield>
  </datafield>
  <datafield tag="504" ind1=" " ind2=" ">
   <subfield code="a">Περιέχει βιβλιογραφικές παραπομπές.</subfield>
  </datafield>
  <datafield tag="505" ind1="0" ind2=" ">
   <subfield code="a">T.1. Αγκιτάτσια - Βυζάντιο -- T.2. Γαλλική επανάσταση-Δικτατορία -- T.3. Δικτατορία του προλεταριάτου - Εξέλιξη -- T.4. Εξουσία - Θρησκεία-- Τ.5. Ιδεαλισμός-Κοινωνική και οικονομική ιστορία -- Τ.6. Κοινωνική και Οικονομική πολιτική Λογιστική -- Τ.7. Λογοτεχνία - Οικονομισμός -- Τ.8. Οκτωβριανή επανάσταση-Πρωϊμος σοσιαλισμός -- Τ.9. Πρωτόγονη κοινωνία-Ταυτότητα -- Τ.10. Τέχνη - Ψυχρός πόλεμος</subfield>
  </datafield>
  <datafield tag="650" ind1=" " ind2="4">
   <subfield code="a">Μαρξιστική φιλοσοφία</subfield>
   <subfield code="x">Εγκυκλοπαίδειες.</subfield>
  </datafield>
  <datafield tag="650" ind1=" " ind2="4">
   <subfield code="a">Κομμουνισμός και κοινωνία</subfield>
   <subfield code="x">Εγκυκλοπαίδειες.</subfield>
  </datafield>
  <datafield tag="700" ind1="1" ind2=" ">
   <subfield code="a">Kernig, C. D.</subfield>
  </datafield>
  <datafield tag="852" ind1=" " ind2=" ">
   <subfield code="a">INST</subfield>
   <subfield code="b">UNIPILB</subfield>
   <subfield code="c">REF</subfield>
   <subfield code="e">20040709</subfield>
   <subfield code="h">335.43'03 MA</subfield>
   <subfield code="p">00100994</subfield>
   <subfield code="q">00100994</subfield>
   <subfield code="t">NOLOAN</subfield>
   <subfield code="v">τ.1:</subfield>
   <subfield code="y">23</subfield>
   <subfield code="z">τ.1</subfield>
   <subfield code="4">1</subfield>
  </datafield>
  <datafield tag="852" ind1=" " ind2=" ">
   <subfield code="a">INST</subfield>
   <subfield code="b">UNIPILB</subfield>
   <subfield code="c">REF</subfield>
   <subfield code="e">20040709</subfield>
   <subfield code="h">335.43'03 MA</subfield>
   <subfield code="p">00100995</subfield>
   <subfield code="q">00100995</subfield>
   <subfield code="t">NOLOAN</subfield>
   <subfield code="v">τ.2:</subfield>
   <subfield code="y">23</subfield>
   <subfield code="z">τ.2</subfield>
   <subfield code="4">2</subfield>
  </datafield>
  <datafield tag="852" ind1=" " ind2=" ">
   <subfield code="a">INST</subfield>
   <subfield code="b">UNIPILB</subfield>
   <subfield code="c">REF</subfield>
   <subfield code="e">20040709</subfield>
   <subfield code="h">335.43'03 MA</subfield>
   <subfield code="p">00100996</subfield>
   <subfield code="q">00100996</subfield>
   <subfield code="t">NOLOAN</subfield>
   <subfield code="v">τ.3:</subfield>
   <subfield code="y">23</subfield>
   <subfield code="z">τ.3</subfield>
   <subfield code="4">1</subfield>
  </datafield>
  <datafield tag="852" ind1=" " ind2=" ">
   <subfield code="a">INST</subfield>
   <subfield code="b">UNIPILB</subfield>
   <subfield code="c">REF</subfield>
   <subfield code="e">20040709</subfield>
   <subfield code="h">335.43'03 MA</subfield>
   <subfield code="p">00100997</subfield>
   <subfield code="q">00100997</subfield>
   <subfield code="t">NOLOAN</subfield>
   <subfield code="v">τ.4:</subfield>
   <subfield code="y">23</subfield>
   <subfield code="z">τ.4</subfield>
   <subfield code="4">2</subfield>
  </datafield>
  <datafield tag="852" ind1=" " ind2=" ">
   <subfield code="a">INST</subfield>
   <subfield code="b">UNIPILB</subfield>
   <subfield code="c">REF</subfield>
   <subfield code="e">20040709</subfield>
   <subfield code="h">335.43'03 MA</subfield>
   <subfield code="p">00100998</subfield>
   <subfield code="q">00100998</subfield>
   <subfield code="t">NOLOAN</subfield>
   <subfield code="v">τ.5:</subfield>
   <subfield code="y">23</subfield>
   <subfield code="z">τ.5</subfield>
   <subfield code="4">1</subfield>
  </datafield>
  <datafield tag="852" ind1=" " ind2=" ">
   <subfield code="a">INST</subfield>
   <subfield code="b">UNIPILB</subfield>
   <subfield code="c">REF</subfield>
   <subfield code="e">20040709</subfield>
   <subfield code="h">335.43'03 MA</subfield>
   <subfield code="p">00113613</subfield>
   <subfield code="q">00113613</subfield>
   <subfield code="t">NOLOAN</subfield>
   <subfield code="v">τ.6:</subfield>
   <subfield code="y">23</subfield>
   <subfield code="z">τ.6</subfield>
   <subfield code="4">1</subfield>
  </datafield>
  <datafield tag="852" ind1=" " ind2=" ">
   <subfield code="a">INST</subfield>
   <subfield code="b">UNIPILB</subfield>
   <subfield code="c">REF</subfield>
   <subfield code="e">20040709</subfield>
   <subfield code="h">335.43'03 MA</subfield>
   <subfield code="p">00113614</subfield>
   <subfield code="q">00113614</subfield>
   <subfield code="t">NOLOAN</subfield>
   <subfield code="v">τ.7:</subfield>
   <subfield code="y">23</subfield>
   <subfield code="z">τ.7</subfield>
   <subfield code="4">1</subfield>
  </datafield>
  <datafield tag="852" ind1=" " ind2=" ">
   <subfield code="a">INST</subfield>
   <subfield code="b">UNIPILB</subfield>
   <subfield code="c">REF</subfield>
   <subfield code="e">20040709</subfield>
   <subfield code="h">335.43'03 MA</subfield>
   <subfield code="p">00113615</subfield>
   <subfield code="q">00113615</subfield>
   <subfield code="t">NOLOAN</subfield>
   <subfield code="v">τ.8:</subfield>
   <subfield code="y">23</subfield>
   <subfield code="z">τ.8</subfield>
   <subfield code="4">1</subfield>
  </datafield>
  <datafield tag="852" ind1=" " ind2=" ">
   <subfield code="a">INST</subfield>
   <subfield code="b">UNIPILB</subfield>
   <subfield code="c">REF</subfield>
   <subfield code="e">20040709</subfield>
   <subfield code="h">335.43'03 MA</subfield>
   <subfield code="p">00113616</subfield>
   <subfield code="q">00113616</subfield>
   <subfield code="t">NOLOAN</subfield>
   <subfield code="v">τ.9:</subfield>
   <subfield code="y">23</subfield>
   <subfield code="z">τ.9</subfield>
   <subfield code="4">1</subfield>
  </datafield>
  <datafield tag="852" ind1=" " ind2=" ">
   <subfield code="a">INST</subfield>
   <subfield code="b">UNIPILB</subfield>
   <subfield code="c">REF</subfield>
   <subfield code="e">20040709</subfield>
   <subfield code="h">335.43'03 MA</subfield>
   <subfield code="p">00113617</subfield>
   <subfield code="q">00113617</subfield>
   <subfield code="t">NOLOAN</subfield>
   <subfield code="v">τ.10:</subfield>
   <subfield code="y">23</subfield>
   <subfield code="z">τ.10</subfield>
   <subfield code="4">1</subfield>
  </datafield>
  <datafield tag="852" ind1=" " ind2=" ">
   <subfield code="a">INST</subfield>
   <subfield code="b">UNIPILB</subfield>
   <subfield code="c">REF</subfield>
   <subfield code="e">20040709</subfield>
   <subfield code="h">335.43'03 MA</subfield>
   <subfield code="p">00118661</subfield>
   <subfield code="q">00118661</subfield>
   <subfield code="t">NOLOAN</subfield>
   <subfield code="v">τ.1:</subfield>
   <subfield code="y">23</subfield>
   <subfield code="z">τ.1</subfield>
   <subfield code="4">2</subfield>
  </datafield>
  <datafield tag="852" ind1=" " ind2=" ">
   <subfield code="a">INST</subfield>
   <subfield code="b">UNIPILB</subfield>
   <subfield code="c">REF</subfield>
   <subfield code="e">20040709</subfield>
   <subfield code="h">335.43'03 MA</subfield>
   <subfield code="p">00118662</subfield>
   <subfield code="q">00118662</subfield>
   <subfield code="t">NOLOAN</subfield>
   <subfield code="v">τ.2:</subfield>
   <subfield code="y">23</subfield>
   <subfield code="z">τ.2</subfield>
   <subfield code="4">1</subfield>
  </datafield>
  <datafield tag="852" ind1=" " ind2=" ">
   <subfield code="a">INST</subfield>
   <subfield code="b">UNIPILB</subfield>
   <subfield code="c">REF</subfield>
   <subfield code="e">20040709</subfield>
   <subfield code="h">335.43'03 MA</subfield>
   <subfield code="p">00118663</subfield>
   <subfield code="q">00118663</subfield>
   <subfield code="t">NOLOAN</subfield>
   <subfield code="v">τ.3:</subfield>
   <subfield code="y">23</subfield>
   <subfield code="z">τ.3</subfield>
   <subfield code="4">2</subfield>
  </datafield>
  <datafield tag="852" ind1=" " ind2=" ">
   <subfield code="a">INST</subfield>
   <subfield code="b">UNIPILB</subfield>
   <subfield code="c">REF</subfield>
   <subfield code="e">20040709</subfield>
   <subfield code="h">335.43'03 MA</subfield>
   <subfield code="p">00118664</subfield>
   <subfield code="q">00118664</subfield>
   <subfield code="t">NOLOAN</subfield>
   <subfield code="v">τ.4:</subfield>
   <subfield code="y">23</subfield>
   <subfield code="z">τ.4</subfield>
   <subfield code="4">1</subfield>
  </datafield>
 </record>
</collection>
